<?xml version="1.0" encoding="UTF-8"?>
<record
    xmlns:xsi="http://www.w3.org/2001/XMLSchema-instance"
    xsi:schemaLocation="http://www.loc.gov/MARC21/slim http://www.loc.gov/standards/marcxml/schema/MARC21slim.xsd"
    xmlns="http://www.loc.gov/MARC21/slim">

  <leader>00696nam a22001337a 4500</leader>
  <datafield tag="040" ind1=" " ind2=" ">
    <subfield code="c">RUA</subfield>
  </datafield>
  <datafield tag="082" ind1=" " ind2=" ">
    <subfield code="a">VEM NOE 2022 B1-530 Or.</subfield>
  </datafield>
  <datafield tag="100" ind1=" " ind2=" ">
    <subfield code="a">NOEM CHITRA,&#x178E;&#x17B9;&#x1798; &#x1785;&#x17B7;&#x178F;&#x17D2;&#x179A;&#x17B6;&#x17D2;&#x178F;</subfield>
  </datafield>
  <datafield tag="245" ind1=" " ind2=" ">
    <subfield code="a">THE ANTIBODY TITER OF PORCINE CIRCOVIRUS TYPE 2 IN NURSE PIGS AT BASEDTH DISTRICT, KAMPONG SPEU PROVINCE,&#x1780;&#x1798;&#x17D2;&#x179A;&#x17B7;&#x178F;&#x17A2;&#x1784;&#x17CB;&#x1791;&#x17B8;&#x1780;&#x179A;&#x1793;&#x17C3;&#x1787;&#x17C6;&#x1784;&#x17BA; PCV2 &#x179B;&#x17BE;&#x1780;&#x17BC;&#x1793;&#x1787;&#x17D2;&#x179A;&#x17BC;&#x1780;&#x1798;&#x178F;&#x17C1;&#x17D2;&#x178F;&#x1799;&#x17D2;&#x1799;&#x1793;&#x17C5;&#x179F;&#x17D2;&#x179A;&#x17BB;&#x1780;&#x1794;&#x179A;&#x179F;&#x17C1;&#x178A;&#x17D2;&#x178B; &#x1781;&#x17C1;&#x178F;&#x17D2;&#x178F;&#x1780;&#x17C6;&#x1796;&#x1784;&#x17CB;&#x179F;&#x17D2;&#x1796;&#x17BA;</subfield>
  </datafield>
  <datafield tag="260" ind1=" " ind2=" ">
    <subfield code="a">phnom penh</subfield>
    <subfield code="b">rua</subfield>
    <subfield code="c">2022</subfield>
  </datafield>
  <datafield tag="300" ind1=" " ind2=" ">
    <subfield code="a">xi.44p/</subfield>
    <subfield code="b">ill.</subfield>
    <subfield code="c">29cm.</subfield>
  </datafield>
  <datafield tag="856" ind1=" " ind2=" ">
    <subfield code="u">https://drive.google.com/file/d/1IBgAdbWnkilgncv-MwtsAjan_h85m2bg/view?usp=sharing</subfield>
  </datafield>
  <datafield tag="942" ind1=" " ind2=" ">
    <subfield code="c">VEM</subfield>
  </datafield>
  <datafield tag="999" ind1=" " ind2=" ">
    <subfield code="c">23035</subfield>
    <subfield code="d">23035</subfield>
  </datafield>
  <datafield tag="952" ind1=" " ind2=" ">
    <subfield code="0">0</subfield>
    <subfield code="1">0</subfield>
    <subfield code="4">0</subfield>
    <subfield code="6">VEM_NOE_2022_000000000000000_B1530_OR</subfield>
    <subfield code="7">0</subfield>
    <subfield code="9">98844</subfield>
    <subfield code="a">LBB</subfield>
    <subfield code="b">LBB</subfield>
    <subfield code="c">B1.530</subfield>
    <subfield code="d">2024-06-04</subfield>
    <subfield code="l">1</subfield>
    <subfield code="o">VEM NOE 2022 B1-530 Or.</subfield>
    <subfield code="p">a076541</subfield>
    <subfield code="r">2024-12-10</subfield>
    <subfield code="s">2024-11-28</subfield>
    <subfield code="y">VEM</subfield>
  </datafield>
  <datafield tag="952" ind1=" " ind2=" ">
    <subfield code="0">0</subfield>
    <subfield code="1">0</subfield>
    <subfield code="4">0</subfield>
    <subfield code="6">VEM_NOE_2022_000000000000000_B1530_OR</subfield>
    <subfield code="7">0</subfield>
    <subfield code="9">98845</subfield>
    <subfield code="a">LBB</subfield>
    <subfield code="b">LBB</subfield>
    <subfield code="c">B1.530</subfield>
    <subfield code="d">2024-06-04</subfield>
    <subfield code="o">VEM NOE 2022 B1-530 Or.</subfield>
    <subfield code="p">a076641</subfield>
    <subfield code="r">2024-06-04</subfield>
    <subfield code="y">VEM</subfield>
  </datafield>
  <datafield tag="952" ind1=" " ind2=" ">
    <subfield code="0">0</subfield>
    <subfield code="1">0</subfield>
    <subfield code="4">0</subfield>
    <subfield code="6">VEM_NOE_2022_000000000000000_B1530_OR</subfield>
    <subfield code="7">0</subfield>
    <subfield code="9">98846</subfield>
    <subfield code="a">LBB</subfield>
    <subfield code="b">ML</subfield>
    <subfield code="c">B1.530</subfield>
    <subfield code="d">2024-06-04</subfield>
    <subfield code="l">4</subfield>
    <subfield code="o">VEM NOE 2022 B1-530 Or.</subfield>
    <subfield code="p">a076537</subfield>
    <subfield code="q">2026-07-09</subfield>
    <subfield code="r">2026-06-03</subfield>
    <subfield code="s">2026-06-03</subfield>
    <subfield code="y">VEM</subfield>
  </datafield>
  <datafield tag="952" ind1=" " ind2=" ">
    <subfield code="0">0</subfield>
    <subfield code="1">0</subfield>
    <subfield code="4">0</subfield>
    <subfield code="6">VEM_NOE_2022_000000000000000_B1530_OR</subfield>
    <subfield code="7">0</subfield>
    <subfield code="9">98847</subfield>
    <subfield code="a">LBB</subfield>
    <subfield code="b">LBB</subfield>
    <subfield code="c">B1.530</subfield>
    <subfield code="d">2024-06-04</subfield>
    <subfield code="l">2</subfield>
    <subfield code="o">VEM NOE 2022 B1-530 Or.</subfield>
    <subfield code="p">a076633</subfield>
    <subfield code="r">2025-08-25</subfield>
    <subfield code="s">2025-08-04</subfield>
    <subfield code="y">VEM</subfield>
  </datafield>
</record>
